Taylor Swift - Should've Said No - Statistics

General Stats
  • This quiz has been taken 8 times
  • The average score is 284 of 339
Answer Stats
Answer % Correct
a
100%
all
100%
back,
100%
back
100%
for
100%
go
100%
go,
100%
home
100%
I
100%
it
100%
It
100%
it?
100%
let
100%
no,
100%
No,
100%
said
100%
should've
100%
twice
100%
you
100%
You
100%
and
86%
And
86%
asking
86%
at
86%
baby
86%
Baby,
86%
be
86%
been
86%
begging
86%
did
86%
feet
86%
forgiveness
86%
gone
86%
have
86%
in
86%
me
86%
might
86%
mind
86%
my
86%
myself
86%
of
86%
one
86%
shouldn't
86%
still
86%
take
86%
that
86%
the
86%
The
86%
there,
86%
to
86%
used
86%
what
86%
why
86%
with
86%
yes
86%
your
86%
But
71%
can
71%
chance
71%
crying
71%
do
71%
'fore
71%
is
71%
It's
71%
I've
71%
know
71%
moment
71%
past
71%
past,
71%
she
71%
think
71%
this
71%
this?
71%
thought
71%
was
71%
Was
71%
we
71%
We
71%
weakness
71%
about
57%
before
57%
believe
57%
can't
57%
could
57%
ever
57%
everything
57%
expect
57%
feels
57%
flowers,
57%
get
57%
honestly
57%
just
57%
known
57%
looking
57%
Oh
57%
oh
57%
out
57%
right
57%
same
57%
say
57%
see
57%
songs
57%
strange
57%
worth
57%
wrong
57%
Even
43%
found
43%
her'd
43%
need
43%
now
43%
sing
43%
smiles,
43%
things
43%
word
43%
Yesterday
43%
you'd
43%
'Bout
29%
given
29%
resist,
29%
tell
29%
No matching quizzes found
Score Distribution
Percent of People with Each Score
Percentile by Number Answered
Your Score History
You have not taken this quiz